| 000 | 01459nam a22002297a 4500 | ||
|---|---|---|---|
| 999 |
_c59149 _d59149 |
||
| 003 | Ge_BSU | ||
| 005 | 20221130135201.0 | ||
| 008 | 221130s1973ge xxu||||| |||| 00| 0 geo d | ||
| 041 | _ageo | ||
| 080 | _a821.353.1-1 ტ-15 | ||
| 100 |
_aტაბიძე, გალაკტიონ, 1892-1959, ავტორი. _916251 |
||
| 245 |
_aრჩეული : _b[ლირიკა] / _cგალაკტიონ ტაბიძე ; შეადგინეს გრ. აბაშიძემ და მ. ლებანიძემ ; სარედ. კოლეგია: გრ. აბაშიძე, მ. ლებანიძე, ი. ნონეშვილი და სხვ. ; ბოლოსიტყვ. გ. ასათიანისა ; ილ.: გ. ქლიბაძე. |
||
| 264 |
_aთბილისი : _b საბჭოთა საქართველო, _c1973. |
||
| 300 |
_a654 გვ. : _bილ. ; _c23 სმ. |
||
| 653 | _aრჩეული : ლირიკა | ||
| 700 |
_aაბაშიძე, გ _eშემდგენელი _916252 |
||
| 700 |
_aლებანიძე, მ _eშემდგენელი _916253 |
||
| 700 |
_aნონეშვილი, ი _eშემდგენელი _94084 |
||
| 700 |
_aასათიანი, გ _eბოლოსიტყვაობა _94232 |
||
| 700 |
_aქლიბაძე, გ _eილუსტრატორი _95856 |
||
| 942 |
_2udc _cBK |
||